<?xml version="1.0" encoding="UTF-8"?>
<record
    xmlns:xsi="http://www.w3.org/2001/XMLSchema-instance"
    xsi:schemaLocation="http://www.loc.gov/MARC21/slim http://www.loc.gov/standards/marcxml/schema/MARC21slim.xsd"
    xmlns="http://www.loc.gov/MARC21/slim">

  <leader>02070nkc a22002897a 4500</leader>
  <controlfield tag="001">85824</controlfield>
  <controlfield tag="005">20260429094055.0</controlfield>
  <controlfield tag="007">kh boc</controlfield>
  <controlfield tag="008">260421s1893    sp ||||| |||| |0| i|spa d</controlfield>
  <datafield tag="040" ind1=" " ind2=" ">
    <subfield code="a">M-RABA</subfield>
    <subfield code="b">spa</subfield>
    <subfield code="c">M-RABA</subfield>
  </datafield>
  <datafield tag="245" ind1="0" ind2="1">
    <subfield code="a">[Alcal&#xE1; de Henares</subfield>
    <subfield code="b">: monumentos]</subfield>
    <subfield code="h">[Material gr&#xE1;fico]</subfield>
  </datafield>
  <datafield tag="260" ind1=" " ind2=" ">
    <subfield code="c">1893</subfield>
  </datafield>
  <datafield tag="300" ind1=" " ind2=" ">
    <subfield code="a">3 fotograf&#xED;as</subfield>
    <subfield code="b">: aristotipo</subfield>
    <subfield code="c">; imagen 11 x 8 cm</subfield>
    <subfield code="c">; soporte secundario 19 x 16 cm</subfield>
  </datafield>
  <datafield tag="500" ind1="0" ind2="0">
    <subfield code="a">Conjunto de 3 fotograf&#xED;as que muestran diferentes vistas y monumentos de Alcal&#xE1; de Henares.</subfield>
  </datafield>
  <datafield tag="500" ind1="0" ind2="0">
    <subfield code="a">Nota manuscrita a tinta en el verso del soporte secundario que indica ubicaci&#xF3;n y fecha: Fot-709: "Alcal&#xE1; de Henares. Puerta de la Colegiada. 2 Julio 1893" -- Fot-710: "Alcal&#xE1; de Henares. Fachada pral. de la Universidad. 2 Julio 1893" -- Fot-711: "Alcal&#xE1; de Henares. Fachada pral. de la Universidad. 2 Julio 1893".</subfield>
  </datafield>
  <datafield tag="610" ind1="2" ind2="7">
    <subfield code="a">Universidad de Alcal&#xE1; de Henares</subfield>
    <subfield code="2">embne</subfield>
    <subfield code="9">4203</subfield>
  </datafield>
  <datafield tag="651" ind1=" " ind2="7">
    <subfield code="a">Alcal&#xE1; de Henares (Madrid, Espa&#xF1;a)</subfield>
    <subfield code="9">4705</subfield>
  </datafield>
  <datafield tag="655" ind1=" " ind2="0">
    <subfield code="a">Fotograf&#xED;as de monumentos</subfield>
    <subfield code="9">111580</subfield>
  </datafield>
  <datafield tag="852" ind1=" " ind2=" ">
    <subfield code="j">Fot-709; Fot-710; Fot-711</subfield>
  </datafield>
  <datafield tag="856" ind1=" " ind2=" ">
    <subfield code="u">https://archivoybiblioteca.realacademiabellasartessanfernando.com/cgi-bin/koha/opac-retrieve-file.pl?id=7d36f4a899a46b2d6fd78777d94fc0a8</subfield>
    <subfield code="y">Fot-709r</subfield>
  </datafield>
  <datafield tag="856" ind1=" " ind2=" ">
    <subfield code="u">https://archivoybiblioteca.realacademiabellasartessanfernando.com/cgi-bin/koha/opac-retrieve-file.pl?id=0fb2aff42fe3ee6c1a593fc8520f2975</subfield>
    <subfield code="y">Fot-709v</subfield>
  </datafield>
  <datafield tag="856" ind1=" " ind2=" ">
    <subfield code="u">https://archivoybiblioteca.realacademiabellasartessanfernando.com/cgi-bin/koha/opac-retrieve-file.pl?id=8b1973009b7e364c81b15b2bee3ae14b</subfield>
    <subfield code="y">Fot-710r</subfield>
  </datafield>
  <datafield tag="856" ind1=" " ind2=" ">
    <subfield code="u">https://archivoybiblioteca.realacademiabellasartessanfernando.com/cgi-bin/koha/opac-retrieve-file.pl?id=1be67e776f5c0fa6fcd0c4f1b7732f5c</subfield>
    <subfield code="y">Fot-710v</subfield>
  </datafield>
  <datafield tag="856" ind1=" " ind2=" ">
    <subfield code="u">https://archivoybiblioteca.realacademiabellasartessanfernando.com/cgi-bin/koha/opac-retrieve-file.pl?id=f294e31982cd56ba1fe49a3974899c93</subfield>
    <subfield code="y">Fot-711r</subfield>
  </datafield>
  <datafield tag="856" ind1=" " ind2=" ">
    <subfield code="u">https://archivoybiblioteca.realacademiabellasartessanfernando.com/cgi-bin/koha/opac-retrieve-file.pl?id=e0b398b38861111036a2a003b9d4b04a</subfield>
    <subfield code="y">Fot-711v</subfield>
  </datafield>
  <datafield tag="942" ind1=" " ind2=" ">
    <subfield code="c">FOTOGRAF&#xCD;A</subfield>
    <subfield code="n">0</subfield>
  </datafield>
  <datafield tag="952" ind1=" " ind2=" ">
    <subfield code="0">0</subfield>
    <subfield code="1">0</subfield>
    <subfield code="2">ddc</subfield>
    <subfield code="4">0</subfield>
    <subfield code="7">0</subfield>
    <subfield code="8">FOTOGRAFIA</subfield>
    <subfield code="a">RABASF</subfield>
    <subfield code="b">RABASF</subfield>
    <subfield code="c">DP2</subfield>
    <subfield code="d">2026-04-21</subfield>
    <subfield code="l">0</subfield>
    <subfield code="o">Fot-709</subfield>
    <subfield code="p">1097029</subfield>
    <subfield code="r">2026-04-21 09:19:29</subfield>
    <subfield code="w">2026-04-21</subfield>
    <subfield code="y">FOTOGRAF&#xCD;A</subfield>
  </datafield>
  <datafield tag="952" ind1=" " ind2=" ">
    <subfield code="0">0</subfield>
    <subfield code="1">0</subfield>
    <subfield code="2">ddc</subfield>
    <subfield code="4">0</subfield>
    <subfield code="7">0</subfield>
    <subfield code="8">FOTOGRAFIA</subfield>
    <subfield code="a">RABASF</subfield>
    <subfield code="b">RABASF</subfield>
    <subfield code="c">DP2</subfield>
    <subfield code="d">2026-04-21</subfield>
    <subfield code="l">0</subfield>
    <subfield code="o">Fot-710</subfield>
    <subfield code="p">1097030</subfield>
    <subfield code="r">2026-04-21 09:19:29</subfield>
    <subfield code="w">2026-04-21</subfield>
    <subfield code="y">FOTOGRAF&#xCD;A</subfield>
  </datafield>
  <datafield tag="952" ind1=" " ind2=" ">
    <subfield code="0">0</subfield>
    <subfield code="1">0</subfield>
    <subfield code="2">ddc</subfield>
    <subfield code="4">0</subfield>
    <subfield code="7">0</subfield>
    <subfield code="8">FOTOGRAFIA</subfield>
    <subfield code="a">RABASF</subfield>
    <subfield code="b">RABASF</subfield>
    <subfield code="c">DP2</subfield>
    <subfield code="d">2026-04-21</subfield>
    <subfield code="l">0</subfield>
    <subfield code="o">Fot-711</subfield>
    <subfield code="p">1097031</subfield>
    <subfield code="r">2026-04-21 09:19:29</subfield>
    <subfield code="w">2026-04-21</subfield>
    <subfield code="y">FOTOGRAF&#xCD;A</subfield>
  </datafield>
  <datafield tag="999" ind1=" " ind2=" ">
    <subfield code="c">85824</subfield>
    <subfield code="d">85824</subfield>
  </datafield>
</record>
